| 000 | 00968nam a22002657a 4500 | ||
|---|---|---|---|
| 005 | 20170123162338.0 | ||
| 010 | _aA-688367 | ||
| 020 | _c51.00 | ||
| 035 | _aA-688367 | ||
| 037 | _bCen Lib/Ret | ||
| 040 |
_aDPL _bUR |
||
| 082 |
_a844 _bغ ل ا |
||
| 100 |
_aغلام ربّانی تاباں _9113509 |
||
| 245 |
_aشعریات سے سیا سیات تک / _cغلام ربّانی تاباں ؛ مرتجم اجمل اجمالی |
||
| 246 |
_aShairiyat se siyasiyat tak / _bby Ghulam rabbani Taban ; translated by Ajmal Ajmali |
||
| 260 |
_aنیی دہلی _bمکتبہ جامہ لمیٹڈ _c1994 |
||
| 270 |
_bنیی دہلی _aجامہ نگر _e110025 |
||
| 300 |
_a112p. _c21cm(Hb) |
||
| 650 |
_aادب - اردو _9125486 |
||
| 650 |
_a اردو مضامین _9125487 |
||
| 650 |
_aLiteraqture -- Urdu _9125488 |
||
| 650 |
_aUrdu articles _9125489 |
||
| 700 |
_aاجمل اجمالی _9125490 |
||
| 942 |
_2ddc _cUR _h844 _mغ ل ا |
||
| 999 |
_c108333 _d108333 |
||